|
|
|
|
| LEADER |
00000cam a2200000 a 4500 |
| 001 |
1/124601 |
| 008 |
220330s2021####gr | ||| |||| ||gre|| |
| 020 |
|
|
|a 9786185495374
|q (τ. 2)
|
| 040 |
|
|
|a GR-MyUa
|b gre
|c GR-MyUa
|e AACR2
|
| 041 |
0 |
|
|a gre
|
| 082 |
7 |
|
|a 621
|2 (23)
|
| 100 |
1 |
|
|a Γαστεράτος, Αντώνιος Χ.
|
| 245 |
1 |
0 |
|a Μηχανοτρονικός σχεδιασμός /
|c Αντώνιος Χ. Γαστεράτος.
|
| 250 |
|
|
|a 2η έκδοση.
|
| 260 |
|
|
|a Αθήνα :
|b Τσότρας,
|c 2021.
|
| 300 |
|
|
|a 876 σ. ;
|c 25 εκ.
|
| 504 |
|
|
|a Περιλαμβάνει βιβλιογραφίες και ευρετήριο.
|
| 505 |
8 |
|
|a Τ. 2. Μικροελεγκτές, αισθητήρες, ενεργοποιητές.
|
| 650 |
|
0 |
|a Mechatronics.
|
| 852 |
|
|
|a INST
|b SAMOS
|c EUDOXUS
|e 20230509
|h 621 ΓΑΣ
|p 005300047987
|q 005300047987
|t EDX
|v τομ.2:
|y 0
|
| 852 |
|
|
|a INST
|b SYROS
|c EUDOXUS
|e 20220718
|h 621 ΓΑΣ
|p 005500015877
|q 005500015877
|t EDX
|v τομ.2:
|y 0
|
| 853 |
|
|
|a INST
|b SAMOS
|c EUDOXUS
|h 621 ΓΑΣ
|
| 853 |
|
|
|a INST
|b SYROS
|c EUDOXUS
|h 621 ΓΑΣ
|
| 920 |
|
|
|a Εύδοξος
|b Παραγγελία
|y Σύρος-ΤΜΣΠΣ
|z 2021-12
|
| 920 |
|
|
|a Εύδοξος
|b Παραγγελία
|y Σάμος-ΤΜΠΕΣ
|z 2023-05
|